000 01125nam a22002894a 4500
001 ebr10103708
003 CaPaEBR
006 m u
007 cr cn|||||||||
008 030718s2004 nyu sb 001 0 eng
020 _z0195172736 (alk. paper)
040 _aCaPaEBR
_cCaPaEBR
035 _a(OCoLC)57146370
050 1 4 _aRC569
_b.S468 2004eb
082 0 4 _a616.85/844509
_222
100 1 _aShneidman, Edwin S.
245 1 0 _aAutopsy of a suicidal mind
_h[electronic resource] /
_cEdwin S. Shneidman.
260 _aNew York :
_bOxford University Press,
_c2004.
300 _axx, 177 p.
504 _aIncludes bibliographical references (p. 171-173) and index.
533 _aElectronic reproduction.
_bPalo Alto, Calif. :
_cebrary,
_d2013.
_nAvailable via World Wide Web.
_nAccess may be limited to ebrary affiliated libraries.
650 0 _aSuicide
_vCase studies.
650 0 _aPsychological autopsy.
655 7 _aElectronic books.
_2local
710 2 _aebrary, Inc.
856 4 0 _uhttp://site.ebrary.com/lib/rucke/Doc?id=10103708
_zAn electronic book accessible through the World Wide Web; click to view
999 _c206375
_d206375